Statistics for Countries Where All Covid-19 Cases have Recovered

Click here to take the quiz!

General Stats

  • This quiz has been taken 13 times
  • The average score is 5 of 13

Answer Stats

casescountry% Correct
322Mauritius
83%
11Seychelles
58%
16Dominica
42%
18Saint Lucia
42%
116Trinidad and Tobago
42%
187Faroe Islands
33%
11Greenland
33%
15St Kitts and Nevis
33%
16Belize
25%
8Papua-New Guinea
25%
24Timor-Leste
25%
39Eritrea
17%
6Western Sahara
17%

Score Distribution

Percentile by Number Answered

Percent of People with Each Score

Your Score History

You have not taken this quiz